| Tag |
First Indicator |
Second Indicator |
Subfields |
| LEADER |
00000cam a2200000 i 4500 |
| 001 |
in00002781684 |
| 005 |
20150922121510.0 |
| 008 |
120207t20122012nyu b 001 0ceng |
| 010 |
|
|
|a 2012005625
|
| 020 |
|
|
|a 9780230115712 (hardback)
|
| 020 |
|
|
|a 0230115713 (hardback)
|
| 035 |
|
|
|a (OCoLC)ocn760974704
|
| 040 |
|
|
|a DLC
|e rda
|c DLC
|d UtOrBLW
|
| 049 |
|
|
|a TXAM
|
| 050 |
0 |
0 |
|a QD22.C8
|b E46 2012
|
| 082 |
0 |
0 |
|a 540.92/52
|a B
|2 23
|
| 100 |
1 |
|
|a Emling, Shelley.
|
| 245 |
1 |
0 |
|a Marie Curie and her daughters :
|b the private lives of science's first family /
|c Shelley Emling.
|
| 250 |
|
|
|a First edition.
|
| 264 |
|
1 |
|a New York :
|b Palgrave Macmillan,
|c ©2012,2012.
|
| 300 |
|
|
|a xx, 219 pages, 8 unnumbered pages of plates :
|b illustrations ;
|c 25 cm.
|
| 336 |
|
|
|a text
|b txt
|2 rdacontent
|
| 337 |
|
|
|a unmediated
|b n
|2 rdamedia
|
| 338 |
|
|
|a volume
|b nc
|2 rdacarrier
|
| 504 |
|
|
|a Includes bibliographical references (pages [213]-214) and index.
|
| 505 |
0 |
0 |
|t Prologue : America: a fresh point of departure for the world's greatest scientist --
|t An absolutely miserable year --
|t Moving on --
|t Meeting Missy --
|t Finally, America --
|t The White House --
|t New and improved --
|t Another dynamic duo --
|t Turning to America-- again --
|t Into the spotlight --
|t The end of a quest --
|t Tributes and new causes --
|t All about Eve --
|t The ravages of another World War --
|t Rough waters --
|t The legacy.
|
| 520 |
|
|
|a Marie Curie was the first person to be honored by two Nobel Prizes and she pioneered the use of radiation therapy for cancer patients. But she was also a mother, widowed young, who raised two extraordinary daughters alone, Irene, a Nobel Prize winning chemist in her own right, who played an important role in the development of the atomic bomb, and Eve, a highly regarded humanitarian and journalist, who fought alongside the French Resistance during WWII. As a woman fighting to succeed in a male dominated profession and a Polish immigrant caught in a xenophobic society, she had to find ways to support her research. Drawing on personal interviews with Curie's descendants, as well as revelatory new archives, this is a wholly new story about Marie Curie, and a family of women inextricably connected to the dawn of nuclear physics.
|
| 600 |
1 |
0 |
|a Curie, Marie,
|d 1867-1934.
|
| 600 |
1 |
0 |
|a Curie, Marie,
|d 1867-1934
|x Family.
|
| 600 |
1 |
0 |
|a Joliot-Curie, Irène,
|d 1897-1956.
|
| 600 |
1 |
0 |
|a Curie, Eve,
|d 1904-2007.
|
| 650 |
|
0 |
|a Women scientists
|x Family relationships.
|
| 650 |
|
0 |
|a Mothers and daughters.
|
| 650 |
|
0 |
|a Women chemists
|v Biography.
|
| 650 |
|
0 |
|a Women philanthropists
|v Biography.
|
| 650 |
|
0 |
|a Women journalists
|v Biography.
|
| 650 |
|
7 |
|a SCIENCE / History.
|2 bisacsh
|
| 650 |
|
7 |
|a BIOGRAPHY & AUTOBIOGRAPHY / Science & Technology.
|2 bisacsh
|
| 650 |
|
7 |
|a HISTORY / Europe / France.
|2 bisacsh
|
| 945 |
|
|
|a PromptCat
|b 38642
|
| 946 |
|
|
|a stk
|
| 947 |
|
|
|a A14835994532
|
| 948 |
|
|
|a cataloged
|b h
|c 2012/10/5
|d c
|e dmitchel
|f 10:50:40 am
|
| 994 |
|
|
|a 92
|b TXA
|
| 999 |
|
|
|a MARS
|
| 999 |
f |
f |
|s a4247694-84b5-3540-b0da-1c59a68cb1c4
|i 73849cb9-aaef-37fb-beae-2f359ac8f234
|t 0
|
| 952 |
f |
f |
|p normal
|a Texas A&M University
|b College Station
|c Sterling C. Evans Library
|d Evans: Library Stacks
|t 0
|e QD22.C8 E46 2012
|h Library of Congress classification
|i unmediated -- volume
|m A14835994532
|
| 998 |
f |
f |
|a QD22.C8 E46 2012
|t 0
|l Evans: Library Stacks
|